Safety at your fingertips (Record no. 82285)

MARC details
000 -LEADER
fixed length control field 00786cam a22001935a 4500
001 - CONTROL NUMBER
control field L149823
008 - FIXED-LENGTH DATA ELEMENTS--GENERAL INFORMATION
fixed length control field 100430e2010 xxk 000 0 eng d
035 ## - SYSTEM CONTROL NUMBER
System control number (Sirsi) u149823
041 0# - LANGUAGE CODE
Language code of text/sound track or separate title eng
100 1# - MAIN ENTRY--PERSONAL NAME
Personal name Gagan, Olivia
245 00 - TITLE STATEMENT
Title Safety at your fingertips
Remainder of title a clever use of the mobile network is helping contractors to know who is on site, when and why
260 ## - PUBLICATION, DISTRIBUTION, ETC.
Date of publication, distribution, etc. 2010
490 ## - SERIES STATEMENT
Series statement New Civil Engineer 29 April 2010, 28(1)
520 ## - SUMMARY, ETC.
Summary, etc. Accident reporting and site safety; explaining a mobile biometric device developed by Donseed that uses a PIN and the fingerprints of work operatives to clock when staff are on site or leave to manage on-site health and safety.
590 ## - LOCAL NOTE (RLIN)
Local note KA
651 #4 - SUBJECT ADDED ENTRY--GEOGRAPHIC NAME
Geographic name United Kingdom
Chronological subdivision
690 ## - LOCAL SUBJECT ADDED ENTRY--TOPICAL TERM (OCLC, RLIN)
Topical term or geographic name as entry element MANAGEMENT - HEALTH AND SAFETY
942 ## - ADDED ENTRY ELEMENTS (KOHA)
Suppress in OPAC 0
Holdings
Withdrawn status Lost status Source of classification or shelving scheme Damaged status Not for loan Home library Current library Shelving location Date acquired Total Checkouts Full call number Barcode Date last seen Copy number Price effective from Koha item type
    Dewey Decimal Classification     London London Journal article 30/04/2010   L149823 149823-1001 06/08/2019 1 06/08/2019 Journal article